Sombras verdes, ballena blanca /
Guardado en:
| Autor Principal: | |
|---|---|
| Formato: | Libro |
| Publicado: |
Buenos Aires :
Emecé,
1993
|
| Materias: | |
| Etiquetas: |
Agregar Etiqueta
Sin Etiquetas, Sea el primero en etiquetar este registro!
|
| LEADER | 00586nam a22002055a 4500 | ||
|---|---|---|---|
| 001 | CEM.cems017443 | ||
| 008 | 130507s1993##################000#0#####d | ||
| 005 | 20230801100927.0 | ||
| 245 | 1 | 0 | |a Sombras verdes, ballena blanca / |c Ray Bradbury |
| 260 | |a Buenos Aires : |b Emecé, |c 1993 | ||
| 300 | |a 319 p. | ||
| 020 | |a 9500412705 | ||
| 100 | 1 | |a Bradbury, Ray | |
| 082 | 0 | 4 | |a 813.5 |
| 653 | |a Literatura | ||
| 653 | |a Literatura norteamericana | ||
| 653 | |a Literatura eeuu | ||
| 653 | |a Novelas | ||
| 653 | |a Novela norteamericana | ||
| 859 | |a CEMS |b BIB. CEMS - Agricultura |h 813.5 |i B726-1 |p A0575.04 |t Ej.1 | ||
